MARC

LEADER 00000nam0a2200000 4500
001 303999
005 20231102001646.0
035 |a (RuTPU)RU\TPU\book\329234 
090 |a 303999 
100 |a 20150908d1982 km y0rusy50 ca 
101 0 |a rus 
102 |a RU 
105 |a a j 001zy 
200 1 |a Неорганическая химия. Руководство к лабораторным занятиям  |e общая часть  |f Чувашский государственный университет (ЧГУ) ; под ред. Ф. И. Ивановой 
205 |a 2-е изд. 
210 |a Чебоксары  |c Изд-во ЧГУ  |d 1982 
215 |a 98 с.  |c ил. 
320 |a Библиогр.: с. 97 
606 1 |a Неорганическая химия  |2 stltpush  |3 (RuTPU)RU\TPU\subj\67586  |9 83311 
610 1 |a лабораторные занятия 
610 1 |a учебные пособия 
610 1 |a химические лаборатории 
610 1 |a техника безопасности 
610 1 |a химическая посуда 
610 1 |a техника безопасности 
610 1 |a очистка 
610 1 |a химические вещества 
610 1 |a химические процессы 
610 1 |a растворы 
610 1 |a окислительно-восстановительные реакции 
675 |a 546(076.5)  |v 4 
702 1 |a Иванова  |b Ф. И.  |4 340 
712 0 2 |a Чувашский государственный университет (ЧГУ)  |c (Чебоксары)  |2 stltpush  |3 (RuTPU)RU\TPU\col\299 
801 1 |a RU  |b 63413507  |c 20150908 
801 2 |a RU  |b 63413507  |c 20190529  |g RCR 
942 |c BK